Cacics, indians i propietaris: Calafell al segle XIX

Saved in:
Bibliografiske detaljer
Main Authors: Revilla, Víctor (Author), Santacana i Mestre, Joan (Author)
Format: Bog
Sprog:catalansk
Udgivet: Calafell, España Llibres de Matrícula 2002
Serier:Cartipás, 5
Fag:
Tags: Tilføj Tag
Ingen Tags, Vær først til at tagge denne postø!

MARC

LEADER 00000nam a2200000 a 4500
001 UCM4043
003 CL-VaPUC
005 20200423172535.0
008 020726e20020000SP |||||||||||||||||cat|d
999 |c 300957  |d 300955 
040 |c Pontificia Universidad Católica de Valparaíso 
082 0 4 |a 946.07 REV 2002  |2 21 
100 0 |a Revilla, Víctor  |e author  |9 470562 
245 1 0 |a Cacics, indians i propietaris:  |b  Calafell al segle XIX 
260 |a Calafell, España  |b Llibres de Matrícula  |c 2002 
300 |a 159 páginas 
490 0 |a Cartipás,  |v  5 
583 |a last modification  |c 20020726 00:00:00  |k Rodrigo Vera 
650 7 |a HISTORIA DE ESPAÑA  |2 CL-VaPUC  |9 391806  |y SIGLO 19  |z CALAFELL  |z TARRAGONA  |z ESPAÑA 
700 0 |a Santacana i Mestre, Joan  |e author  |9 470563 
852 |a BIBCUR 
942 |c BK  |2 ddc 
945 |d 20020726 00:00:00  |a cmena 
952 |0 0  |1 0  |2 ddc  |4 0  |6 946_070000000000000_REV_2002  |7 0  |8 A  |9 359433  |a BIBHIS  |b BIBHIS  |d 2019-11-21  |i 383171K  |o 946.07 REV 2002  |p 383171K  |r 2025-01-20  |t 1  |w 2019-11-21  |y BK  |k HIS 
952 |0 0  |1 0  |2 ddc  |4 0  |6 946_070000000000000_REV_2002  |7 0  |8 A  |9 359434  |a BIBHIS  |b BIBHIS  |d 2019-11-21  |i 3925625  |o 946.07 REV 2002  |p 3925625  |r 2025-01-20  |t 2  |w 2019-11-21  |y BK  |k HIS